000
00341nam a2200157Ia 4500
003
OSt
005
20240210143042.0
008
170524s9999 xx 000 0 und d
020
_a
9352865278
040
_c
IIMT UNIVERSITY
100
_a
Taha- H.A.
245
0
_a
Operation Research
260
_b
Pearson
260
_c
2013
942
_2
ddc
_c
02
999
_c
6112
_d
6112